000 00572nam a2200193Ia 4500
003 OSt
005 20200825121012.0
008 190216s9999||||xx |||||||||||||| ||und||
020 _a9780070151550
040 _coclc
082 _a539
_bBEI/C
100 _a Beiser, Arthur
_94331
245 0 _aConcepts Of Modern Physics /
_cArthur Beiser ; Shobhit Mahajan ; S Rai Choudhury
250 _a6th Ed.
260 _bTata Mcgrawhill Publishers,
_c2010.
_aNew Delhi:
300 _a623p
650 _aPhysics
942 _cBK
_2ddc
_h539
_iBEI/C
_k539
_mBEI/C
999 _c34386
_d34386